| 000 | 00826nam a22002177a 4500 | ||
|---|---|---|---|
| 999 |
_c178349 _d178349 |
||
| 005 | 20210907150006.0 | ||
| 010 | _a ENG-129894 ENG-129895 | ||
| 020 |
_a978-93-8651-541-4 _c4795.00( vol.2) |
||
| 035 | _a EN-113426 EN-113427 | ||
| 037 | _bDBAD/PUB | ||
| 082 | _a345.5405 | ||
| 100 | _aSarkar, SC | ||
| 245 |
_aSarkar The Code of Criminal Procedure / _cSC Sarkar ,PC Sarkar and Sudipto Sarkar _bAn encyclopaedic commentary on the code of criminal procedure, 1973 |
||
| 260 |
_bLexis Nexis _aIndia _c2018 |
||
| 270 |
_bGurgaon _e122002 _a14th Floor , Building No 10, Tower-B, DLF Cyber City, phase -ll _k+91 124 4774444 _l+91 124 4774100 _mhelp.in@lexisnexis.com |
||
| 300 |
_a1383p. _c25cm(hbk) |
||
| 490 | _v1 | ||
| 700 | _aSC Sarkar | ||
| 700 | _a,PC Sarkar | ||
| 942 |
_2ddc _cEN _h345.5405 _mSAR |
||